Proyecto Integra-Rainbow : promotor Diputación de Barcelona : informe de seguimiento 15/12/98 promotor Diputación de Barcelona : informe de seguimiento 15/12/98
Descripción Física:
80 pàgines no numerades ; 30 cm
Materias:
Immigrants -- Treball
; Immigrants -- Integració
; Treball social amb els immigrants -- Barcelona (Província)
Idioma:
Catalán
MARC
| LEADER | 00000nam a2200000 a 4500 | ||
|---|---|---|---|
| 008 | 220824s1998 spa||||| |||| 00| 0 cat d | ||
| 080 | |a Bib-923 | ||
| 245 | 0 | 0 | |a Proyecto Integra-Rainbow : |b promotor Diputación de Barcelona : informe de seguimiento 15/12/98 |
| 260 | |a Barcelona : |b Diputació de Barcelona. Àrea de Serveis Socials, |c 1998 | ||
| 300 | |a 80 pàgines no numerades ; |c 30 cm | ||
| 500 | |a A la coberta: Entidad responsable: Ministerio de Trabajo y Asuntos Sociales | ||
| 650 | 0 | |a Immigrants |9 14814 |x Treball | |
| 650 | 0 | |a Immigrants |x Integració |9 54274 | |
| 650 | 0 | |9 38759 |a Treball social amb els immigrants |x Barcelona (Província) | |
| 710 | |9 53159 |a Barcelona (Catalunya : Província). |b Àrea de Serveis Socials | ||
| 710 | 1 | |9 54282 |a Espanya. |b Ministerio de Trabajo y Asuntos Sociales | |
| 942 | |2 udc |c ARXIU |n 1 | ||
| 952 | |0 0 |1 0 |4 0 |6 BIB923 |7 1 |9 63540 |a Arxiu |b Arxiu |d 2022-08-24 |l 0 |o Bib-923 |p 26530 |r 2022-08-24 00:00:00 |w 2022-08-24 |y ARXIU | ||
| 999 | |c 82616 |d 82616 | ||